000 00516ntaaa2200193 4500
003 01
005 20251027202337.0
008 0714s1973 ag 01
040 _aAR-BaBN
_bspa
_cAR-BaBN
_eaacr
_dRIC
082 _a296.0900 N46
100 _aNewman Jr., Murray Lee
_922053
245 _aThe people of the covenant
250 _a1 ed.
260 _aNew York :
_bAbingdon Press,
_cc1962
300 _a207 p
500 _aUn estudio de Israel desde Moisés hasta la monarquía
650 _aIsrael
_95923
942 _cBK
999 _c18283
_d18283